<?xml version="1.0" encoding="UTF-8"?>
<record
    xmlns:xsi="http://www.w3.org/2001/XMLSchema-instance"
    xsi:schemaLocation="http://www.loc.gov/MARC21/slim http://www.loc.gov/standards/marcxml/schema/MARC21slim.xsd"
    xmlns="http://www.loc.gov/MARC21/slim">

  <leader>01034nam0a22002411  4500</leader>
  <controlfield tag="001">rc\2644551</controlfield>
  <controlfield tag="005">20250529190341.0</controlfield>
  <datafield tag="035" ind1=" " ind2=" ">
    <subfield code="a">(NLR Aleph) 006952317</subfield>
  </datafield>
  <datafield tag="090" ind1=" " ind2=" ">
    <subfield code="a">5259886</subfield>
    <subfield code="c">5259886</subfield>
  </datafield>
  <datafield tag="100" ind1=" " ind2=" ">
    <subfield code="a">20110607d1928    |||y0rusy50      ca</subfield>
  </datafield>
  <datafield tag="101" ind1="0" ind2=" ">
    <subfield code="a">rus</subfield>
  </datafield>
  <datafield tag="102" ind1=" " ind2=" ">
    <subfield code="a">RU</subfield>
  </datafield>
  <datafield tag="105" ind1=" " ind2=" ">
    <subfield code="a">y   z   |||||</subfield>
  </datafield>
  <datafield tag="200" ind1="1" ind2=" ">
    <subfield code="a">&#x41A;&#x43E;&#x43D;&#x44A;&#x44E;&#x43D;&#x43A;&#x442;&#x443;&#x440;&#x430; &#x43D;&#x430;&#x440;&#x43E;&#x434;&#x43D;&#x43E;&#x433;&#x43E; &#x445;&#x43E;&#x437;&#x44F;&#x439;&#x441;&#x442;&#x432;&#x430; &#x414;&#x421;&#x421;&#x420; &#x432; 1927-28 &#x441;.-&#x445;. &#x433;&#x43E;&#x434;&#x443;</subfield>
    <subfield code="e">&#x41C;&#x430;&#x442;&#x435;&#x440;&#x438;&#x430;&#x43B;&#x44B; &#x43A; &#x434;&#x43E;&#x43A;&#x43B;&#x430;&#x434;&#x443; &#x413;&#x43E;&#x441;&#x43F;&#x43B;&#x430;&#x43D;&#x430; &#x432; &#x421;&#x43E;&#x432;&#x43D;&#x430;&#x440;&#x43A;&#x43E;&#x43C;&#x435; &#x414;&#x421;&#x421;&#x420;</subfield>
    <subfield code="f">&#x414;&#x421;&#x421;&#x420;. &#x41A;&#x43E;&#x43D;&#x44A;&#x44E;&#x43D;&#x43A;&#x442;&#x443;&#x440;&#x43D;&#x43E;&#x435; &#x431;&#x44E;&#x440;&#x43E; &#x413;&#x43E;&#x441;&#x43F;&#x43B;&#x430;&#x43D;&#x430;</subfield>
    <subfield code="g">&#x410;.&#x41B;. &#x41C;-&#x43E;&#x432;</subfield>
  </datafield>
  <datafield tag="210" ind1=" " ind2=" ">
    <subfield code="a">&#x41C;&#x430;&#x445;&#x430;&#x447;-&#x41A;&#x430;&#x43B;&#x430;</subfield>
    <subfield code="c">&#x438;&#x437;&#x434;-&#x432;&#x43E; "&#x41F;&#x43B;&#x430;&#x43D;&#x43E;&#x432;&#x43E;&#x435; &#x445;&#x43E;&#x437;-&#x432;&#x43E; &#x414;&#x430;&#x433;&#x435;&#x441;&#x442;&#x430;&#x43D;&#x430;"</subfield>
    <subfield code="d">1928</subfield>
    <subfield code="g">2-&#x44F; &#x433;&#x43E;&#x441;&#x442;&#x438;&#x43F;&#x43E;-&#x43B;&#x438;&#x442;&#x43E;&#x433;&#x440;. &#x414;&#x430;&#x433;&#x413;&#x418;&#x417;'&#x430;</subfield>
  </datafield>
  <datafield tag="215" ind1=" " ind2=" ">
    <subfield code="a">50 &#x441;.</subfield>
    <subfield code="d">26&#x445;17 &#x441;&#x43C;</subfield>
  </datafield>
  <datafield tag="702" ind1=" " ind2="1">
    <subfield code="a">&#x41C;-&#x43E;&#x432;</subfield>
    <subfield code="b">&#x410;.&#x41B;.</subfield>
    <subfield code="4">570</subfield>
  </datafield>
  <datafield tag="710" ind1="0" ind2="1">
    <subfield code="a">&#x414;&#x430;&#x433;&#x435;&#x441;&#x442;&#x430;&#x43D;&#x441;&#x43A;&#x430;&#x44F; &#x410;&#x421;&#x421;&#x420;</subfield>
    <subfield code="b">&#x413;&#x43E;&#x441;&#x443;&#x434;&#x430;&#x440;&#x441;&#x442;&#x432;&#x435;&#x43D;&#x43D;&#x430;&#x44F; &#x43F;&#x43B;&#x430;&#x43D;&#x43E;&#x432;&#x430;&#x44F; &#x43A;&#x43E;&#x43C;&#x438;&#x441;&#x441;&#x438;&#x44F;</subfield>
  </datafield>
  <datafield tag="801" ind1=" " ind2="0">
    <subfield code="a">RU</subfield>
    <subfield code="b">NLR</subfield>
    <subfield code="g">psbo</subfield>
  </datafield>
  <datafield tag="801" ind1=" " ind2="1">
    <subfield code="a">RU</subfield>
    <subfield code="b">ELAR</subfield>
    <subfield code="2">rusmarc</subfield>
  </datafield>
  <datafield tag="852" ind1=" " ind2=" ">
    <subfield code="a">NLR</subfield>
    <subfield code="j">59/3071</subfield>
  </datafield>
  <datafield tag="942" ind1=" " ind2=" ">
    <subfield code="c">BOOK</subfield>
  </datafield>
  <datafield tag="980" ind1=" " ind2=" ">
    <subfield code="a">NB</subfield>
  </datafield>
  <datafield tag="995" ind1=" " ind2=" ">
    <subfield code="5">2013-10-26</subfield>
    <subfield code="b">NLR02</subfield>
    <subfield code="c">NLR02</subfield>
    <subfield code="e">RFS</subfield>
    <subfield code="f">6952317-10</subfield>
    <subfield code="k">59/3071</subfield>
    <subfield code="o">0</subfield>
    <subfield code="r">BOOK</subfield>
    <subfield code="s">593071_</subfield>
  </datafield>
</record>
